| 000 | 00728nam a2200229 i 4500 | ||
|---|---|---|---|
| 001 | 8398 | ||
| 003 | ES-MaACL | ||
| 005 | 20251205125520.0 | ||
| 007 | t| | ||
| 008 | 920615s1991 sp a |||| | spa d | ||
| 020 | _a84-7423-508-1 | ||
| 080 | _a008(46)(09) | ||
| 245 | 0 | 3 |
_aEl mundo hispánico _b: civilización e imperio, Europa y América, pasado y presente / _cJ. H. Elliott, ed. |
| 260 |
_aBarcelona : _bCrítica, _c[1991] |
||
| 300 |
_a272 p. : _bil. ; _c31 cm. |
||
| 650 | 0 | 4 |
_aCivilización hispánica. _911097 |
| 651 | 4 |
_aEspaña- _xCivilización. _98163 |
|
| 651 | 4 |
_aAmérica española- _xCivilización. _97720 |
|
| 700 | 1 |
_aElliott, J. H., _d1930- _947042 |
|
| 852 |
_aES-MaACL _jL-15859 |
||
| 999 |
_c8398 _d8398 |
||